000 01170cam a22001814a 4500
005 20250605163700.0
008 250528s ||||||||||||||||||||||||d
035 _a24226
020 _a9282650049
040 _aGR-AtMCL
_bgre
_dGR-AtMCL
_eAACR2
245 1 _aΤο Μέλλον της Γεωργίας στην Ευρωπαϊκη Κοινότητα
260 _bΔιοικητική Μονάδα 'Εκδόσεις'
_bΟπτικοακουστικός Τομέας, Πληροφόρηση, Επικοινωνία Και Πολιτιστικά Θέματα,
_c1992
300 _a44
520 _aΕισαγωγή, Τριάντα Χρόνια Κοινής Γεωργικής Πολιτικής, Τα Μαθήματα του Παρελθόντος: Η Ανάγκη Αναμόρφωσης, Η Διαδικασία Αναμόρφωσης: Τα Πρώτα Βήματα, Η Διαχωριστική Γραμμή: Οι Αποφάσεις του 1992, Η Επίπτωση των Μεταρρυθμίσεων, Ο Μελλοντικός Ρόλος της Κοινής Γεωργικής Πολιτικής.
942 _cCR
999 _c9119
_d9119